Govt. of
Madhya Pradesh

The Mundia Of Central India (Record no. 4892)

MARC details
000 -LEADER
fixed length control field 004840000a22001810004500
003 - CONTROL NUMBER IDENTIFIER
control field MACL
005 - DATE AND TIME OF LATEST TRANSACTION
control field 20150704145407.0
008 - FIXED-LENGTH DATA ELEMENTS--GENERAL INFORMATION
fixed length control field 150704b xxu||||| |||| 00| 0 eng d
040 ## - CATALOGING SOURCE
Original cataloging agency MACL
Transcribing agency MACL
041 ## - LANGUAGE CODE
Language code of text/sound track or separate title English
082 ## - DEWEY DECIMAL CLASSIFICATION NUMBER
Classification number 300/PAR
100 ## - MAIN ENTRY--PERSONAL NAME
Personal name Parkin, Robert
9 (RLIN) 599
245 ## - TITLE STATEMENT
Title The Mundia Of Central India
Remainder of title An Account Of Their Social Organization
260 ## - PUBLICATION, DISTRIBUTION, ETC. (IMPRINT)
Name of publisher, distributor, etc. Oxford University Press
Date of publication, distribution, etc. 1992
Place of publication, distribution, etc. New Delhi
350 ## - PRICE (NR) (BK AM CF MU VM SE) [OBSOLETE]
Price 325
650 ## - SUBJECT ADDED ENTRY--TOPICAL TERM
Topical term or geographic name as entry element Sociology
9 (RLIN) 19
942 ## - ADDED ENTRY ELEMENTS (KOHA)
Koha item type Books
Call number prefix 300
Source of classification or shelving scheme
Holdings
Withdrawn status Lost status Source of classification or shelving scheme Damaged status Not for loan Home library Current library Date acquired Cost, normal purchase price Full call number Barcode Date last seen Uniform Resource Identifier Price effective from Koha item type
          MACL MACL 15/04/2015 325.00 300/PAR CRE006412 02/05/2024 4853 15/04/2015 Books